Statistics for The General Knowledge Quiz #3

Click here to take the quiz!

General Stats

  • This quiz has been taken 337 times
    (257 since last reset)
  • The average score is 7 of 20

Answer Stats

QuestionAnswer% Correct
How much is bakers dozen?13
77%
Neil, Louis and Lance all share which surname?Armstrong
76%
Where would I find Caesar's Palace, Bellagio's and the Venitian?Las Vegas
67%
What is the smallest country in the world?Vatican City
63%
Who played Russ in Friends?David Schwimmer
61%
What is the square root of (-1)?i
57%
In which country is the North Magnetic Pole in?Canada
50%
What is France's National Holiday called?Bastille Day
48%
Who assassinated Abraham Lincoln?John Wilkes Booth
42%
In which year did Pablo Picasso die?1973
28%
What is the English name for Kalaallit Nunaat?Greenland
24%
Which actor currently plays Doctor Who?Peter Capaldi
19%
Which city has the world's largest GDP?Tokyo
19%
What was the first series from The Real Housewives?The Real Housewives of Orange County
18%
Where is the Olmypic torch lit?Olympia
17%
Who is the CEO of News Corporation?Rupert Murdoch
17%
What is the largest country that is not in the United Nations?Taiwan
6%
Which Shakespeare play does this quote "A dish fit for the gods" come from?Julius Caesar
5%
What is the real name of charlieissocoollike?Charles Joseph McDonnell
3%
What does LIBOR stand for?London Interbank Offered Rate
2%

Score Distribution

Percentile by Number Answered

Percent of People with Each Score

Your Score History

You have not taken this quiz since the last reset